Animalia : (Record no. 4591)

MARC details
000 -LEADER
fixed length control field 01304cam a2200325 a 4500
001 - CONTROL NUMBER
control field 4591
003 - CONTROL NUMBER IDENTIFIER
control field FISKH
005 - DATE AND TIME OF LATEST TRANSACTION
control field 20240917142337.0
008 - FIXED-LENGTH DATA ELEMENTS--GENERAL INFORMATION
fixed length control field 080627s2009 nyua b 000 1 eng
010 ## - LIBRARY OF CONGRESS CONTROL NUMBER
LC control number 2008020853
020 ## - INTERNATIONAL STANDARD BOOK NUMBER
International Standard Book Number 9780448450780 (pbk.)
040 ## - CATALOGING SOURCE
Original cataloging agency DLC
Transcribing agency DLC
Modifying agency DLC
Language of cataloging eng
050 ## - LIBRARY OF CONGRESS CALL NUMBER
Classification number PZ7
082 ## - DEWEY DECIMAL CLASSIFICATION NUMBER
Classification number 445
100 1# - MAIN ENTRY--PERSONAL NAME
Personal name Hapka, Cathy.
245 10 - TITLE STATEMENT
Title Animalia :
Remainder of title Talent-O-Topia /
Statement of responsibility, etc. by Cathy Hapka ; based on the teleplay by Deanna Oliver.
260 ## - PUBLICATION, DISTRIBUTION, ETC.
Place of publication, distribution, etc. New York :
Name of publisher, distributor, etc. Grosset & Dunlap,
Date of publication, distribution, etc. 2009.
300 ## - PHYSICAL DESCRIPTION
Extent 48 pages :
Other physical details color illustrations ;
Dimensions 23 cm
490 0# - SERIES STATEMENT
Series statement All aboard reading. Station stop 2, reading with help
500 ## - GENERAL NOTE
General note "Based on the animated television series inspired by Graeme Bases's Animalia."
505 ## - FORMATTED CONTENTS NOTE
Formatted contents note K<br/>
520 ## - SUMMARY, ETC.
Summary, etc. When Zoe learns that Allegra can’t read, she helps the gator write a song for Animalia’s big talent contest. Iggy and G’Bubu are excited for the talent show, too! This easy-to-read is perfect for Animaliafans who are just starting to read on their own!
521 8# - TARGET AUDIENCE NOTE
Target audience note 510<br/>
Source Lexile estimate <br/><br/>
521 8# - TARGET AUDIENCE NOTE
Target audience note K<br/>
Source Raz-Plus<br/>
650 ## - SUBJECT ADDED ENTRY--TOPICAL TERM
Topical term or geographic name entry element Classroom Library
Form subdivision Grades K-2
General subdivision North Ward
730 0# - ADDED ENTRY--UNIFORM TITLE
Uniform title Animalia (Television program)
906 ## - LOCAL DATA ELEMENT F, LDF (RLIN)
a 7
b cbc
c orignew
d 1
e ecip
f 20
g y-gencatlg
942 ## - ADDED ENTRY ELEMENTS (KOHA)
Source of classification or shelving scheme Dewey Decimal Classification
Koha item type Books
Suppress in OPAC No
Holdings
Withdrawn status Lost status Source of classification or shelving scheme Damaged status Not for loan Collection Home library Current library Shelving location Date acquired Total Checkouts Full call number Barcode Date last seen Price effective from Koha item type
    Dewey Decimal Classification     Juvenile Fiction Footprints International School Library Network Toul Kork Campus Footprints International School Library Network Toul Kork Campus TK Primary Library Room(4th Floor), Bookcase 3&4, Shelves 17-32, Yellow Books 09/17/2024   HAP 445 PZ7 FISTK00699 09/17/2024 09/17/2024 Books